000 00585nam a2200169 4500
001 111904
003 ES-MaACL
005 20230906185401.0
007 t|
008 061121s1945 mx r ||||1| spa d
100 1 _aNavarro, B. Bernabé.
_985058
245 1 3 _aLa Iglesia y los Judíos en el IIIer Concilio Mexicano (1585)
_b: ensayo crítico /
_cBerbabé B. Navarro ; con prólogo del Dr. Gabriel Méndez Plancarte.
260 _aMéxico :
_bAbside,
_c1945.
300 _a61 p. ;
_c23 cm.
700 1 _aMéndez Plancarte, Gabriel.
_980171
852 _aES-MaACL
_j1883-F-15
_bR.25827
999 _c111904
_d111904